00433nam a2200157Ia 4500001000500000005001700005008004100022041000800063082001300071100003400084245010400118260000900222300002800231650000800259654000800267349220260306145647.0260306t1996||||xx |||||||||||||| ||spa|| aESP a280bS21 aSánchez Rojas, GustavoeAUT 0aJesucristo reconciliador:bla reconciliación por Jesucristo en la Ciudad de Dios de San Agustín c1996 a192 páginas :c20 cm. aGEN aCHU